Statistics for Answers Contain Stone

Click here to take the quiz!

General Stats

  • This quiz has been taken 26,993 times
    (11,421 since last reset)
  • The average score is 14 of 22

Answer Stats

Clue Answer % Correct
First national parkYellowstone
97%
Caveman timesStone Age
96%
Ancient druid worship
site in England
Stonehenge
91%
Music and political magazineRolling Stone
88%
Excruciating urinary ailmentKidney Stone
85%
Represents the month of your birthdayBirthstone
78%
Ye olde street paving materialCobblestone
71%
"Basic Instinct" actressSharon Stone
70%
Pre-softened jeansStone Washed
69%
The key to deciphering hieroglyphicsRosetta Stone
66%
Keep your nose to thisGrindstone
66%
What the ten commandments
were written on
Stone Tablets
62%
Kissing this Irish stone will give
you the "gift of gab"
Blarney Stone
62%
First stone set when
constructing a building
Cornerstone
60%
Cathedral builderStonemason
58%
Director of "Platoon" & "JFK"Oliver Stone
54%
Fake jewel worn on rock & roll costumesRhinestone
53%
Used to smooth callusesPumice Stone
52%
Doctor that Stanley presumably
found in Africa
David Livingstone
52%
Site of the O.K. Corral shootoutTombstone
44%
"They're a page right out of history"The Flintstones
43%
Can turn base metals into goldPhilosopher's Stone
31%

Score Distribution

Percentile by Number Answered

Percent of People with Each Score

Your Score History

You have not taken this quiz since the last reset